000 00544nam a22001697a 4500
005 20180603133603.0
008 100928t xxu||||| |||| 00| 0 eng d
020 _a81-202-0446-8
_c250.00
035 _aA-998366, A-998369
082 _a483.45
245 _aEnglish - Punjabi gurmukhi - dictionary /
_ccompiled & edited by S Balwant and Jasbir Atwal
260 _aDelhi
_bAMBE Books
_c1999
300 _a286p.
_b24cm. (Hb)
700 _aBalwant, S
_922138
700 _aAtwal, Jasbir
_922139
942 _2ddc
_cEN
_h483.45
_mENG
999 _c47880
_d47880